[Event "CHI-chT"]
[Site "Santiago de Chile"]
[Date "2019.09.26"]
[Round "3.2"]
[White "Jaramillo Soto, Pablo"]
[Black "Inostroza Serrano, Sergio"]
[Result "1-0"]
[WhiteElo "2139"]
[BlackElo "2047"]
[PlyCount "133"]
[EventDate "2019.09.05"]
[EventType "team-swiss"]
[EventRounds "9"]
[EventCountry "CHI"]
[SourceTitle "CBM 193 Extra"]
[Source "ChessBase"]
[SourceDate "2020.01.31"]
[SourceVersion "1"]
[SourceVersionDate "2020.01.31"]
[SourceQuality "1"]
[WhiteTeam "Maipu CC"]
[BlackTeam "La Florida CC III"]
[WhiteTeamCountry "CHI"]
[BlackTeamCountry "CHI"]

1. e4 c6 2. d4 d5 3. Nc3 dxe4 4. Nxe4 Bf5 5. Ng3 Bg6 6. Nf3 Nd7 7. Bc4 e6 8. Bf4 Ngf6 9. 0-0 Be7 10. c3 0-0 11. Re1 Nd5 12. Bd2 b5 13. Bb3 a5 14. c4 bxc4 15. Bxc4 Rb8 16. b3 Bb4 17. Bxd5 cxd5 18. Bxb4 Rxb4 19. h4 h6 20. h5 Bh7 21. Rc1 a4 22. Re3 axb3 23. Rxb3 Rxb3 24. Qxb3 Be4 25. Qe3 Bxf3 26. Qxf3 Qa5 27. a3 Ra8 28. Rc3 Qa7 29. Ne2 Nf6 30. g4 Ne4 31. Re3 Rb8 32. Rb3 Rc8 33. Qd3 Qa5 34. Rb1 Ra8 35. f3 Qd2 36. Qxd2 Nxd2 37. Ra1 Nxf3+ 38. Kf2 Nd2 39. a4 Ra5 40. Kg3 Nc4 41. Kf2 f6 42. Nc3 e5 43. Nb5 Kf7 44. Ke2 g6 45. dxe5 Nxe5 46. Nd6+ Ke6 47. Nb7 Ra7 48. Nc5+ Kd6 49. Nb3 Nxg4 50. hxg6 Ne5 51. Nd4 Ra8 52. g7 Nc6 53. Nf5+ Ke6 54. Nxh6 Ne7 55. Kd3 f5 56. Re1+ Kf6 57. Rxe7 Kxe7 58. g8Q Rxg8 59. Nxg8+ Kd6 60. Kd4 Ke6 61. Nh6 f4 62. Ng4 Kd6 63. Ne5 Kc7 64. Kxd5 Kb7 65. Ke4 Kb6 66. Nc4+ Kc5 67. a5 1-0

[Event "CHI-chT"]
[Site "Santiago de Chile"]
[Date "2019.09.12"]
[Round "2.2"]
[White "Molina Hidalgo, Juan"]
[Black "Jaramillo Soto, Pablo"]
[Result "1-0"]
[WhiteElo "1902"]
[BlackElo "2139"]
[PlyCount "59"]
[EventDate "2019.09.05"]
[EventType "team-swiss"]
[EventRounds "9"]
[EventCountry "CHI"]
[SourceTitle "CBM 193 Extra"]
[Source "ChessBase"]
[SourceDate "2020.01.31"]
[SourceVersion "1"]
[SourceVersionDate "2020.01.31"]
[SourceQuality "1"]
[WhiteTeam "La Florida CC USM"]
[BlackTeam "Maipu CC"]
[WhiteTeamCountry "CHI"]
[BlackTeamCountry "CHI"]

1. e4 e5 2. Nf3 Nc6 3. Bc4 Bc5 4. c3 Nf6 5. d3 h6 6. Bb3 d6 7. Nbd2 0-0 8. 0-0 Bg4 9. Re1 Ne7 10. h3 Bd7 11. d4 exd4 12. cxd4 Bb6 13. Nc4 Ng6 14. e5 dxe5 15. dxe5 Nh5 16. Nxb6 axb6 17. Nh2 Nhf4 18. Qf3 Qg5 19. Qg3 Qxg3 20. fxg3 Nd3 21. Re3 Ndxe5 22. Bd2 b5 23. Bc3 Nc4 24. Rd3 Be6 25. Nf3 c5 26. Nd2 Nxb2 27. Bxb2 c4 28. Rd4 cxb3 29. Nxb3 Rfc8 30. Rb4 1-0

[Event "CHI-chT"]
[Site "Santiago de Chile"]
[Date "2012.11.30"]
[Round "3"]
[White "Jaramillo Soto, Pablo"]
[Black "Abarca Gonzalez, Nicolas"]
[Result "0-1"]
[WhiteElo "2178"]
[BlackElo "2170"]
[PlyCount "64"]
[EventDate "2012.11.22"]
[EventType "team-tourn"]
[EventRounds "9"]
[EventCountry "CHI"]
[SourceTitle "EXT 2014"]
[Source "ChessBase"]
[SourceDate "2013.11.20"]
[SourceVersion "1"]
[SourceVersionDate "2013.11.20"]
[SourceQuality "1"]

1. e4 c5 2. Bc4 Nc6 3. Nc3 g6 4. f4 Bg7 5. Nf3 d6 6. 0-0 e6 7. a4 Nge7 8. d3 0-0 9. Qe1 d5 10. Bb3 Nb4 11. Qf2 b6 12. Na2 Nec6 13. Nxb4 Nxb4 14. e5 a5 15. Bd2 Ba6 16. Rfd1 Qc7 17. Bxb4 cxb4 18. c4 Rad8 19. Rac1 d4 20. Ng5 Bb7 21. Rf1 h6 22. Nh3 f6 23. Qg3 fxe5 24. Qxg6 Rf6 25. Qg4 e4 26. Bc2 e3 27. b3 Qf7 28. g3 Rg6 29. Qe2 Qf5 30. Nf2 exf2+ 31. Rxf2 Qh3 32. Re1 Rxg3+ 0-1

[Event "CHI-chT"]
[Site "Santiago de Chile"]
[Date "2008.11.20"]
[Round "5"]
[White "Jaramillo Soto, Pablo"]
[Black "Caceres Vasquez, Sergio"]
[Result "1/2-1/2"]
[WhiteElo "2131"]
[BlackElo "2243"]
[PlyCount "64"]
[EventDate "2008.11.04"]
[EventType "team-tourn"]
[EventRounds "9"]
[EventCountry "CHI"]
[SourceTitle "EXT 2012"]
[Source "ChessBase"]
[SourceDate "2011.11.24"]
[SourceVersion "1"]
[SourceVersionDate "2011.11.24"]
[SourceQuality "1"]

1. e4 c5 2. Bc4 e6 3. Nc3 Nc6 4. f4 Nf6 5. e5 d5 6. Be2 Nd7 7. Nf3 Be7 8. 0-0 0-0 9. d3 a6 10. a3 Qc7 11. Qe1 f6 12. exf6 Nxf6 13. Bd2 Bd6 14. Qh4 h6 15. Rae1 d4 16. Ne4 Nxe4 17. dxe4 Bxf4 18. Bd3 Bxd2 19. Nxd2 Rxf1+ 20. Rxf1 Qe7 21. Qg3 Bd7 22. e5 Qg5 23. Qxg5 hxg5 24. Ne4 Nxe5 25. Nxc5 Nxd3 26. cxd3 Bb5 27. Nxe6 Bxd3 28. Rd1 Bc4 29. Nxd4 Rd8 30. Kf2 Kf7 31. Rd2 Kf6 32. Kg3 Kg6 1/2-1/2

[Event "CHI-chT"]
[Site "Santiago de Chile"]
[Date "2008.11.12"]
[Round "3"]
[White "Pineda Polanco, Adolfo"]
[Black "Jaramillo Soto, Pablo"]
[Result "1-0"]
[WhiteElo "2315"]
[BlackElo "2131"]
[PlyCount "83"]
[EventDate "2008.11.04"]
[EventType "team-tourn"]
[EventRounds "9"]
[EventCountry "CHI"]
[SourceTitle "EXT 2012"]
[Source "ChessBase"]
[SourceDate "2011.11.24"]
[SourceVersion "1"]
[SourceVersionDate "2011.11.24"]
[SourceQuality "1"]

1. e4 e5 2. Nf3 Nc6 3. Bb5 Nge7 4. 0-0 a6 5. Bc4 Ng6 6. d4 Be7 7. d5 Nb8 8. d6 cxd6 9. Nc3 0-0 10. a4 b6 11. Be3 Bb7 12. g3 h6 13. h4 Kh7 14. Nh2 Nh8 15. Qh5 Nc6 16. Ng4 Nd4 17. Nxh6 g6 18. Qd1 f5 19. h5 f4 20. gxf4 exf4 21. hxg6+ Kxh6 22. g7 Kxg7 23. Bxd4+ Bf6 24. f3 Rc8 25. Bb3 Ng6 26. Kf2 Be5 27. Bxe5+ dxe5 28. Rh1 Rh8 29. Rxh8 Nxh8 30. Qd6 Ng6 31. Rg1 Qe8 32. Qxb6 Bc6 33. Qxa6 Qh8 34. Qf1 Bb7 35. Qg2 Rc6 36. Qg5 Qe8 37. Rh1 Rd6 38. Ke1 Qe7 39. Qh6+ Kf6 40. Rh5 Qe8 41. Rf5+ Ke7 42. Qg5+ 1-0

[Event "CHI-chT"]
[Site "Santiago de Chile"]
[Date "2008.11.10"]
[Round "2"]
[White "Henriquez Villagra, Oscar"]
[Black "Jaramillo Soto, Pablo"]
[Result "0-1"]
[WhiteElo "1912"]
[BlackElo "2131"]
[PlyCount "76"]
[EventDate "2008.11.04"]
[EventType "team-tourn"]
[EventRounds "9"]
[EventCountry "CHI"]
[SourceTitle "EXT 2012"]
[Source "ChessBase"]
[SourceDate "2011.11.24"]
[SourceVersion "1"]
[SourceVersionDate "2011.11.24"]
[SourceQuality "1"]

1. d4 d5 2. c4 Nc6 3. Nc3 e6 4. Nf3 Nf6 5. Bg5 Be7 6. Bxf6 Bxf6 7. cxd5 exd5 8. e3 0-0 9. Bd3 Ne7 10. Qb3 c6 11. 0-0 Ng6 12. Rac1 Re8 13. Rfe1 Rb8 14. Qa3 a5 15. Na4 Bg4 16. Nd2 Be7 17. Qb3 Bd6 18. Nf1 Qg5 19. Bxg6 Qxg6 20. Nc5 h5 21. Qc2 Bf5 22. Qe2 h4 23. Nd2 Bh3 24. Qf1 b6 25. Na4 Bf5 26. f4 h3 27. Qf3 hxg2 28. Qxg2 Qh6 29. Qg3 Re6 30. Qf2 Rbe8 31. Nf1 g5 32. Ng3 Bh3 33. fxg5 Qxg5 34. Nxb6 Rf6 35. Qd2 Bxg3 36. hxg3 Qxg3+ 37. Kh1 Rf2 38. Rg1 Bg2+ 0-1

[Event "CHI-chT"]
[Site "Santiago de Chile"]
[Date "2007.11.27"]
[Round "7"]
[White "Morales Garcia, Hugo"]
[Black "Jaramillo Soto, Pablo"]
[Result "0-1"]
[WhiteElo "2087"]
[BlackElo "2149"]
[PlyCount "74"]
[EventDate "2007.10.16"]
[EventType "team-tourn"]
[EventRounds "9"]
[EventCountry "CHI"]
[SourceTitle "EXT 2012"]
[Source "ChessBase"]
[SourceDate "2011.11.24"]
[SourceVersion "1"]
[SourceVersionDate "2011.11.24"]
[SourceQuality "1"]

1. e4 e5 2. Nf3 Nc6 3. Bb5 Nge7 4. c3 a6 5. Ba4 d6 6. d4 Bd7 7. 0-0 Ng6 8. Be3 Be7 9. Nbd2 0-0 10. Re1 b5 11. Bb3 Na5 12. Bc2 c5 13. d5 f5 14. exf5 Bxf5 15. Ne4 Nc4 16. b3 Nxe3 17. Rxe3 Nf4 18. g3 Nh3+ 19. Kg2 Bg4 20. Qd3 g6 21. a4 Qd7 22. c4 b4 23. Rf1 Rf7 24. Bd1 Raf8 25. Nxc5 Bxf3+ 26. Bxf3 dxc5 27. d6 Bg5 28. Bd5 Bxe3 29. Qxe3 Qf5 30. Bxf7+ Rxf7 31. Qxc5 Ng5 32. Kg1 Qf3 33. Qc8+ Kg7 34. h4 Ne4 35. Qe6 Nxf2 36. Qxe5+ Rf6 37. d7 Qh1# 0-1

[Event "Santiago Endesa 11"]
[Site "Santiago de Chile"]
[Date "2007.11.??"]
[Round "1"]
[White "Jaramillo Soto, Pablo"]
[Black "Almarza Orellana, Luis"]
[Result "1-0"]
[WhiteElo "2149"]
[BlackElo "2094"]
[PlyCount "35"]
[EventDate "2007.11.??"]
[EventType "tourn"]
[EventRounds "9"]
[EventCountry "CHI"]
[SourceTitle "EXT 2008"]
[Source "ChessBase"]
[SourceDate "2007.11.25"]
[SourceVersion "1"]
[SourceVersionDate "2007.11.25"]
[SourceQuality "1"]

1. e4 c5 2. Nf3 Nc6 3. Bc4 g6 4. 0-0 Bg7 5. c3 Nf6 6. e5 Nh5 7. d4 d6 8. Ng5 0-0 9. g4 d5 10. Bd3 h6 11. gxh5 hxg5 12. Bxg5 f6 13. Be3 fxe5 14. hxg6 e4 15. Qh5 Rf5 16. Qh7+ Kf8 17. Bh6 Bxh6 18. Qh8# 1-0

[Event "Santiago Endesa 11"]
[Site "Santiago de Chile"]
[Date "2007.11.??"]
[Round "4"]
[White "Jaramillo Soto, Pablo"]
[Black "Gonzalez Gonzalez, Claudio H"]
[Result "1/2-1/2"]
[WhiteElo "2149"]
[BlackElo "2035"]
[PlyCount "58"]
[EventDate "2007.11.??"]
[EventType "tourn"]
[EventRounds "9"]
[EventCountry "CHI"]
[SourceTitle "EXT 2008"]
[Source "ChessBase"]
[SourceDate "2007.11.25"]
[SourceVersion "1"]
[SourceVersionDate "2007.11.25"]
[SourceQuality "1"]

1. e4 c5 2. Bc4 Nc6 3. f4 e6 4. Nc3 Nf6 5. e5 d5 6. Bb5 Nd7 7. Bxc6 bxc6 8. Nf3 Be7 9. 0-0 0-0 10. d3 Qc7 11. Qe1 Ba6 12. Qg3 f5 13. Ng5 Bxg5 14. Qxg5 c4 15. Rf3 cxd3 16. cxd3 Qb6+ 17. Kh1 Rf7 18. Rb1 d4 19. Ne2 Qa5 20. b4 Qxa2 21. Rb2 Qa4 22. h4 c5 23. Kh2 Rc8 24. Rg3 cxb4 25. Nxd4 Rxc1 26. Nxe6 g6 27. Qh6 Qa1 28. Rxg6+ hxg6 29. Qxg6+ Kh8 1/2-1/2

[Event "Santiago Endesa 08"]
[Site "Santiago de Chile"]
[Date "2007.07.??"]
[Round "4"]
[White "Jaramillo Soto, Pablo"]
[Black "Tapia, Rodrigo"]
[Result "1-0"]
[WhiteElo "2149"]
[BlackElo "2055"]
[PlyCount "45"]
[EventDate "2007.07.??"]
[EventType "tourn"]
[EventRounds "11"]
[EventCountry "CHI"]
[SourceTitle "EXT 2008"]
[Source "ChessBase"]
[SourceDate "2007.11.25"]
[SourceVersion "1"]
[SourceVersionDate "2007.11.25"]
[SourceQuality "1"]

1. e4 c5 2. f4 Nc6 3. Nf3 f5 4. exf5 d5 5. Bb5 Bxf5 6. Ne5 a6 7. Nxc6 Qb6 8. Nd4+ axb5 9. Nxf5 Qe6+ 10. Ne3 d4 11. Qg4 Qf7 12. Nd1 Nf6 13. Qe2 Rxa2 14. Qxb5+ Nd7 15. Rxa2 Qxa2 16. Na3 e5 17. 0-0 Qd5 18. fxe5 Qxe5 19. d3 g5 20. Nf2 h5 21. Qxb7 Be7 22. Nc4 Qg7 23. Ne4 1-0

[Event "Santiago Endesa 05"]
[Site "Santiago de Chile"]
[Date "2007.05.09"]
[Round "7"]
[White "Silva Villalon, Rodolfo"]
[Black "Jaramillo Soto, Pablo"]
[Result "1/2-1/2"]
[WhiteElo "2135"]
[BlackElo "2149"]
[PlyCount "93"]
[EventDate "2007.04.18"]
[EventType "tourn"]
[EventRounds "9"]
[EventCountry "CHI"]
[SourceTitle "EXT 2008"]
[Source "ChessBase"]
[SourceDate "2007.11.25"]
[SourceVersion "1"]
[SourceVersionDate "2007.11.25"]
[SourceQuality "1"]

1. e4 e5 2. Nf3 Nc6 3. d4 exd4 4. Nxd4 Qf6 5. Be3 Bc5 6. c3 Qg6 7. Nd2 Nf6 8. f3 d5 9. Qc2 Bxd4 10. cxd4 0-0 11. 0-0-0 Re8 12. e5 Bf5 13. Qb3 Re6 14. exf6 Na5 15. Qxd5 Rc6+ 16. Nc4 Nxc4 17. Bxc4 Be6 18. Qxc6 bxc6 19. Bxe6 fxe6 20. f7+ Kxf7 21. Rd2 a5 22. Bf4 Rc8 23. Re1 Qf5 24. Be5 g6 25. Re3 Ke7 26. Ra3 Ra8 27. Bxc7 Qd5 28. Bb6 a4 29. Bc5+ Kf7 30. Rc2 e5 31. dxe5 Qxe5 32. Re3 Qd5 33. b4 axb3 34. Rxb3 Rxa2 35. Rxa2 Qxb3 36. Rc2 Ke6 37. Bf2 Qb5 38. Bc5 h5 39. h3 Kd5 40. Be3 h4 41. Kd2 Qf1 42. Rc5+ Kd6 43. Rg5 Qb1 44. f4 Ke6 45. Ke2 Kf6 46. Rc5 Qe4 47. Kf2 1/2-1/2

[Event "Santiago Endesa 05"]
[Site "Santiago de Chile"]
[Date "2007.04.25"]
[Round "3"]
[White "Dumas Aviles, Alejandro"]
[Black "Jaramillo Soto, Pablo"]
[Result "1-0"]
[WhiteElo "2221"]
[BlackElo "2149"]
[PlyCount "69"]
[EventDate "2007.04.18"]
[EventType "tourn"]
[EventRounds "9"]
[EventCountry "CHI"]
[SourceTitle "EXT 2008"]
[Source "ChessBase"]
[SourceDate "2007.11.25"]
[SourceVersion "1"]
[SourceVersionDate "2007.11.25"]
[SourceQuality "1"]

1. c4 e5 2. g3 f5 3. Bg2 Nf6 4. Nc3 Bc5 5. e3 Nc6 6. Nge2 e4 7. d3 exd3 8. Qxd3 Ne5 9. Qxf5 d6 10. Qc2 0-0 11. 0-0 c6 12. Na4 Bb4 13. f4 Neg4 14. h3 Nh6 15. g4 Nhxg4 16. hxg4 Nxg4 17. Nd4 Qh4 18. Nf3 Qg3 19. a3 Bc5 20. Nxc5 dxc5 21. Qe2 Nf6 22. Ne5 Qh4 23. Bd2 Ng4 24. Nxg4 Bxg4 25. Qf2 Qh5 26. Bc3 Rad8 27. e4 Rd6 28. f5 Rg6 29. Qg3 Bxf5 30. Qh2 Qg5 31. exf5 Qe3+ 32. Rf2 Rxf5 33. Qb8+ Kf7 34. Qxb7+ Ke8 35. Qc8+ 1-0

[Event "Santiago Endesa 05"]
[Site "Santiago de Chile"]
[Date "2007.04.23"]
[Round "2"]
[White "Jaramillo Soto, Pablo"]
[Black "Soto Rojas, Juan Domingo"]
[Result "0-1"]
[WhiteElo "2149"]
[BlackElo "1945"]
[PlyCount "66"]
[EventDate "2007.04.18"]
[EventType "tourn"]
[EventRounds "9"]
[EventCountry "CHI"]
[SourceTitle "EXT 2008"]
[Source "ChessBase"]
[SourceDate "2007.11.25"]
[SourceVersion "1"]
[SourceVersionDate "2007.11.25"]
[SourceQuality "1"]

1. e4 c5 2. Nf3 e6 3. d4 cxd4 4. Nxd4 a6 5. Nc3 Qc7 6. Be2 b5 7. a3 Bb7 8. 0-0 Nf6 9. Bf3 d6 10. Bg5 Be7 11. Bxf6 gxf6 12. Bh5 0-0 13. Kh1 Nc6 14. f4 Nxd4 15. Qxd4 Qc5 16. Qd1 f5 17. Bf3 Rac8 18. exf5 Bxf3 19. Qxf3 Qxf5 20. Rac1 d5 21. g4 Qf6 22. f5 h6 23. Rce1 Kg7 24. fxe6 fxe6 25. Qe2 Qg6 26. Nxd5 Rxc2 27. Qe5+ Bf6 28. Nxf6 Rxf6 29. Rd1 Qf7 30. Rf3 Re2 31. Qxe2 Rxf3 32. Qe5+ Kg6 33. Qe4+ Kg7 0-1

[Event "CHI-ch "]
[Site "Santiago de Chile"]
[Date "2002.02.20"]
[Round "10"]
[White "Jaramillo Soto, Pablo"]
[Black "Maturana Sainz, Ignacio"]
[Result "0-1"]
[WhiteElo "2019"]
[BlackElo "2150"]
[PlyCount "68"]
[EventDate "2002.02.12"]
[EventType "swiss"]
[EventRounds "11"]
[EventCountry "CHI"]
[SourceTitle "CBM 086 Extra"]
[Source "ChessBase"]
[SourceDate "2002.03.14"]
[SourceVersion "1"]
[SourceVersionDate "2002.03.14"]
[SourceQuality "1"]

1. e4 c5 2. f4 g6 3. Nf3 Bg7 4. Bc4 e6 5. Nc3 Ne7 6. 0-0 0-0 7. d3 d5 8. Bb3 Nbc6 9. Qe1 Na5 10. Nd2 b5 11. a3 c4 12. Ba2 Nec6 13. Kh1 b4 14. axb4 Nxb4 15. Bb1 cxd3 16. cxd3 Ba6 17. Rf3 Qc7 18. e5 Rac8 19. Qh4 d4 20. Ne2 Bb7 21. Rf1 f6 22. exf6 Bxf6 23. Qg4 Kg7 24. h4 Nd5 25. Nf3 Nb3 26. Ra3 Nxc1 27. Rxc1 Qb6 28. Re1 Ne3 29. Qg3 Rf7 30. Ra4 Nf5 31. Qf2 Nxh4 32. Nexd4 Bxd4 33. Qxh4 Bxf3 34. gxf3 Bf2 0-1

[Event "CHI-ch "]
[Site "Santiago de Chile"]
[Date "2002.02.18"]
[Round "8"]
[White "Michel Yunis, Christian D"]
[Black "Jaramillo Soto, Pablo"]
[Result "1-0"]
[WhiteElo "2378"]
[BlackElo "2019"]
[PlyCount "83"]
[EventDate "2002.02.12"]
[EventType "swiss"]
[EventRounds "11"]
[EventCountry "CHI"]
[SourceTitle "CBM 086 Extra"]
[Source "ChessBase"]
[SourceDate "2002.03.14"]
[SourceVersion "1"]
[SourceVersionDate "2002.03.14"]
[SourceQuality "1"]

1. d4 d5 2. c4 Nc6 3. cxd5 Qxd5 4. e3 e5 5. Nc3 Bb4 6. Bd2 Bxc3 7. bxc3 exd4 8. cxd4 Nf6 9. Qb3 Qe4 10. Nf3 0-0 11. Bd3 Qg4 12. 0-0 Re8 13. Rfc1 Ne4 14. Be1 Re6 15. Nd2 Nxd2 16. Bxd2 Rh6 17. Qd5 Qh4 18. h3 Be6 19. Qe4 Rd8 20. Qxh4 Rxh4 21. Be1 Rc8 22. Rab1 Nd8 23. e4 c6 24. a4 Rh6 25. Bd2 Rh5 26. a5 f5 27. f3 fxe4 28. fxe4 Kf8 29. Be2 Rh4 30. Bf3 Ke8 31. Bg5 Rh6 32. Bxh6 gxh6 33. Kf2 Kd7 34. Ke3 Rb8 35. g4 Kd6 36. e5+ Ke7 37. a6 b6 38. Bxc6 Bc8 39. Bd5 Bxa6 40. Rc7+ Ke8 41. Rxa7 Bc8 42. Rxh7 1-0